PHARMACEUTICAL ANALYSIS INSTRUMENTAL METHODS (VOL-II) (Record no. 5868)

MARC details
000 -LEADER
fixed length control field 00503nam a22001697a 4500
005 - DATE AND TIME OF LATEST TRANSACTION
control field 20240109152344.0
008 - FIXED-LENGTH DATA ELEMENTS--GENERAL INFORMATION
fixed length control field 190528b xxu||||| |||| 00| 0 eng d
020 ## - INTERNATIONAL STANDARD BOOK NUMBER
ISBN 978-81-85790-08-4
041 ## - LANGUAGE CODE
Language code of text/sound track or separate title eng
100 ## - MAIN ENTRY--AUTHOR NAME
Personal name KASTURE, DR, A.V. ,MAHADIK,DR. K.R.,WADODKAR,DR. S.G.,AND MORE ,DR. H.N.
245 ## - TITLE STATEMENT
Title PHARMACEUTICAL ANALYSIS INSTRUMENTAL METHODS (VOL-II)
250 ## - EDITION STATEMENT
Edition statement 24th Ed., 2018
260 ## - PUBLICATION, DISTRIBUTION, ETC. (IMPRINT)
Place of publication PUNE
Name of publisher NIRALI PRAKASHAN
300 ## - PHYSICAL DESCRIPTION
Number of Pages 1.2 p,
650 ## - SUBJECT ADDED ENTRY--TOPICAL TERM
Topical Term PHARMACY
General subdivision D.PHARMA
942 ## - ADDED ENTRY ELEMENTS (KOHA)
Koha item type Books
Holdings
Lost status Damaged status Collection code Home library Current library Shelving location Date acquired Source of acquisition Cost, normal purchase price Accession Number Koha item type
    PHARMACY JRU Library JRU Library SHELF-17-G 28/05/2019 PURCHESS 240.00 22785 Books
    PHARMACY JRU Library JRU Library Shelf - 21- F 28/05/2019 PURCHESS 240.00 22786 Books
    Reference JRU Library JRU Library SHELF-4-D 28/05/2019 PURCHESS 240.00 22787 Books
    PHARMACY JRU Library JRU Library Shelf - 21- F 19/02/2021 PURCHES / LBI - 1710 / 11-2-21 270.00 25543 Books
    PHARMACY JRU Library JRU Library Shelf - 21- F 19/02/2021 PURCHES / LBI - 1710 / 11-2-21 270.00 25544 Books
    PHARMACY JRU Library JRU Library Shelf - 21- F 19/02/2021 PURCHES / LBI - 1710 / 11-2-21 270.00 25545 Books
    PHARMACY JRU Library JRU Library Shelf - 21- F 19/02/2021 PURCHES / LBI - 1710 / 11-2-21 270.00 25546 Books
    PHARMACY JRU Library JRU Library Shelf - 21- F 19/02/2021 PURCHES / LBI - 1710 / 11-2-21 270.00 25547 Books
    PHARMACY JRU Library JRU Library Shelf - 21- F 19/02/2021 PURCHES / LBI - 1710 / 11-2-21 270.00 25548 Books
    PHARMACY JRU Library JRU Library Shelf - 21- F 19/02/2021 PURCHES / LBI - 1710 / 11-2-21 270.00 25549 Books
    PHARMACY JRU Library JRU Library Shelf - 21- F 19/02/2021 PURCHES / LBI - 1710 / 11-2-21 270.00 25550 Books